[Event "Panama op 4th"]
[Site "Panama City"]
[Date "2023.11.08"]
[Round "5"]
[White "Lobo Jimenez, Mariana Esther"]
[Black "Amelunge Moreno, Oscar Alejandro"]
[Result "1/2-1/2"]
[WhiteElo "1554"]
[BlackElo "1161"]
[PlyCount "64"]
[EventDate "2023.11.06"]
[EventType "swiss"]
[EventRounds "9"]
[EventCountry "PAN"]
[SourceTitle "CBM 217 Extra"]
[Source "ChessBase"]
[SourceDate "2024.01.31"]
[SourceVersion "1"]
[SourceVersionDate "2024.01.31"]
[SourceQuality "1"]

1. e4 e5 2. Nf3 Nc6 3. Nc3 Bc5 4. Nxe5 Nxe5 5. d4 Bxd4 6. Qxd4 f6 7. Bf4 d6 8. 0-0-0 Ne7 9. Bg3 N7c6 10. Qd5 Qe7 11. Nb5 a6 12. Nd4 Nxd4 13. Qxd4 Nc6 14. Qc3 0-0 15. Bc4+ Be6 16. Rhe1 Bxc4 17. Qxc4+ Qf7 18. Qxf7+ Rxf7 19. a3 Re7 20. f3 Kf7 21. Rd5 Ne5 22. Bxe5 Rxe5 23. Rxe5 dxe5 24. Rd1 Ke7 25. Rd3 Rd8 26. Rxd8 Kxd8 27. Kd2 Kd7 28. Kd3 Kc6 29. c4 b5 30. b4 Kb6 31. c5+ Kc6 32. h4 h5 1/2-1/2

[Event "World Cup U14 Girls Prel"]
[Site "Tornelo INT"]
[Date "2021.08.11"]
[Round "1"]
[White "Canino, Ruelle"]
[Black "Lobo Jimenez, Mariana Esther"]
[Result "1-0"]
[WhiteElo "1697"]
[BlackElo "1247"]
[PlyCount "77"]
[EventDate "2021.08.11"]
[EventType "swiss (rapid)"]
[EventRounds "10"]
[EventCountry "NET"]
[SourceTitle "EXT 2025"]
[Source "ChessBase"]
[SourceDate "2024.10.14"]
[SourceVersion "1"]
[SourceVersionDate "2024.10.14"]
[SourceQuality "1"]

1. d4 d5 2. Bf4 Nf6 3. e3 c6 4. c4 e6 5. Nc3 Bb4 6. Qb3 Bxc3+ 7. bxc3 Qb6 8. cxd5 Nxd5 9. Ne2 Nd7 10. Qc2 Nxf4 11. Nxf4 Nf6 12. Bd3 Bd7 13. 0-0 0-0 14. e4 g6 15. Rfd1 Rfd8 16. Bf1 Qc7 17. g3 e5 18. Ne2 Bg4 19. Bg2 exd4 20. cxd4 Qe7 21. f3 Be6 22. Nf4 Rac8 23. Qa4 a6 24. Rab1 Rd7 25. Nd3 Rb8 26. Nc5 Rdd8 27. Qb4 Bc8 28. Nxa6 Ra8 29. Qxe7 Re8 30. Qxf6 Rxa6 31. Qh4 Rxa2 32. Bh3 Bxh3 33. Qxh3 b5 34. Qd7 Rea8 35. Qxc6 R2a5 36. d5 Kg7 37. d6 h5 38. d7 Rd8 39. Qc3+ 1-0

[Event "World Cup U14 Girls Prel"]
[Site "Tornelo INT"]
[Date "2021.08.11"]
[Round "9"]
[White "Gaw, Chloe"]
[Black "Lobo Jimenez, Mariana Esther"]
[Result "1-0"]
[WhiteElo "1766"]
[BlackElo "1247"]
[PlyCount "109"]
[EventDate "2021.08.11"]
[EventType "swiss (rapid)"]
[EventRounds "10"]
[EventCountry "NET"]
[SourceTitle "EXT 2025"]
[Source "ChessBase"]
[SourceDate "2024.10.14"]
[SourceVersion "1"]
[SourceVersionDate "2024.10.14"]
[SourceQuality "1"]

1. d4 d5 2. c4 c6 3. Nc3 Nf6 4. e3 Bg4 5. f3 Bf5 6. cxd5 cxd5 7. Qb3 Qb6 8. Nxd5 Qxb3 9. Nxf6+ exf6 10. axb3 Bb4+ 11. Bd2 Bxd2+ 12. Kxd2 0-0 13. Bd3 Be6 14. Bc4 Nc6 15. Ne2 Rfd8 16. Rhd1 Ne5 17. Kc3 Ng6 18. Ng3 Rac8 19. Kb4 a6 20. Ne4 Ne7 21. Nc5 Nd5+ 22. Ka3 b6 23. Nxe6 fxe6 24. Bxd5 exd5 25. Rac1 Kf7 26. Ka2 Ke7 27. Kb1 Kd7 28. Rd3 Re8 29. Rdc3 Red8 30. Rxc8 Rxc8 31. Rxc8 Kxc8 32. Kc2 Kd7 33. Kd3 Kd6 34. e4 Ke6 35. g4 Kd6 36. b4 b5 37. f4 g6 38. e5+ fxe5 39. dxe5+ Ke6 40. Kd4 h6 41. b3 h5 42. h3 h4 43. g5 Kf5 44. Kxd5 Kxf4 45. e6 Kxg5 46. e7 Kf4 47. e8Q g5 48. Qe5+ Kf3 49. Qxg5 a5 50. bxa5 b4 51. Qg4+ Kf2 52. Ke4 Ke1 53. Ke3 Kf1 54. Qe2+ Kg1 55. Kf3 1-0

[Event "World Cup U14 Girls Prel"]
[Site "Tornelo INT"]
[Date "2021.08.11"]
[Round "6"]
[White "Lobo Jimenez, Mariana Esther"]
[Black "Sinthia, Sarkar"]
[Result "0-1"]
[WhiteElo "1247"]
[BlackElo "1569"]
[PlyCount "54"]
[EventDate "2021.08.11"]
[EventType "swiss (rapid)"]
[EventRounds "10"]
[EventCountry "NET"]
[SourceTitle "EXT 2025"]
[Source "ChessBase"]
[SourceDate "2024.10.14"]
[SourceVersion "1"]
[SourceVersionDate "2024.10.14"]
[SourceQuality "1"]

1. e4 e5 2. Nf3 Nc6 3. Nc3 Nf6 4. d4 exd4 5. Nxd4 Bb4 6. Nxc6 bxc6 7. Bd3 0-0 8. 0-0 d5 9. exd5 cxd5 10. Bg5 c6 11. Ne2 Be6 12. Nd4 Rc8 13. c3 Be7 14. Bc2 c5 15. Nxe6 fxe6 16. Re1 Qb6 17. Qe2 Rc6 18. Ba4 Rd6 19. Bf4 e5 20. Qxe5 Ne4 21. Qxe7 Rxf4 22. Qe8+ Rf8 23. Qe7 Nxf2 24. Rf1 c4 25. Bd7 Nh3+ 26. Kh1 Qg1+ 27. Rxg1 Nf2# 0-1

[Event "Caribbean-ch (Women)"]
[Site "Panama"]
[Date "2019.08.18"]
[Round "7"]
[White "Lobo Jimenez, Mariana Esther"]
[Black "Herrera Zamudio, Karol"]
[Result "0-1"]
[WhiteElo "1220"]
[BlackElo "1618"]
[PlyCount "94"]
[EventDate "2019.08.14"]
[EventType "swiss"]
[EventRounds "9"]
[EventCountry "PAN"]
[SourceTitle "EXT 2020"]
[Source "ChessBase"]
[SourceDate "2019.10.17"]
[SourceVersion "1"]
[SourceVersionDate "2019.10.17"]
[SourceQuality "1"]

1. e4 c5 2. Nf3 Nc6 3. d4 cxd4 4. Nxd4 Nf6 5. Nc3 g6 6. Be3 Bg7 7. f3 0-0 8. Bc4 Qb6 9. Qd2 Nxe4 10. fxe4 Bxd4 11. Na4 Bxe3 12. Qc3 Qb4 13. a3 Qxc3+ 14. Nxc3 d6 15. Nd5 Bh6 16. 0-0 Be6 17. Kh1 Bxd5 18. exd5 Ne5 19. Bb3 Rac8 20. Rad1 Nc4 21. Bxc4 Rxc4 22. c3 b5 23. Rfe1 Bg5 24. Rd3 a5 25. b3 Rc7 26. a4 bxa4 27. bxa4 Rfc8 28. Rb1 Rxc3 29. Rxc3 Rxc3 30. Rb8+ Kg7 31. g3 Rc4 32. Rb5 Rxa4 33. h4 Bf6 34. Kg2 Ra2+ 35. Kh3 a4 36. Ra5 Ra3 37. Ra8 Be5 38. Kh2 Rxg3 39. Kh1 a3 40. Ra4 f5 41. h5 f4 42. hxg6 hxg6 43. Kh2 f3 44. Rxa3 Rg5+ 45. Kh1 f2 46. Rg3 f1Q+ 47. Rg1 Qxg1# 0-1